| 000 | 00445nam a2200109Ia 4500 | ||
|---|---|---|---|
| 008 | 230907s9999||||xx |||||||||||||| ||und|| | ||
| 082 |
_a621.3 _bIEC |
||
| 100 |
_aIEC Standards _9117978 |
||
| 245 | 0 | _aIEC 60189-3 ED. 3.0 B:1988, LOW-FREQUENCY CABLES AND WIRES WITH PVC INSULATION AND PVC SHEATH. PART 3: EQUIPMENT WIRES WITH SOLID OR STRANDED CONDUCTOR, PVC INSULATED, IN SINGLES, PAIRS AND TRIPLES | |
| 260 |
_bIEC _c2019-09-13 |
||
| 942 |
_2ddc _cEB |
||
| 999 |
_c599831 _d599831 |
||